[Event "VENDRELL"]
[Site "?"]
[Date "2021.05.09"]
[Round "4.1"]
[White "Munoz, Miguel"]
[Black "Basora Pascual, Lluc"]
[Result "1-0"]
[BlackElo "2162"]
[WhiteElo "2542"]
[LiveChessVersion "1.4.8"]

1. e4 {[%clk 0:15:07]} e5 {[%clk 0:15:06]} 2. d4 {[%clk 0:15:10]} exd4
{[%clk 0:15:02]} 3. Qxd4 {[%clk 0:15:14]} Nc6 {[%clk 0:14:37]} 4. Qe3
{[%clk 0:15:17]} Nf6 {[%clk 0:14:07]} 5. Bd2 d6 6. c4 {[%clk 0:15:10]} Be7
{[%clk 0:14:03]} 7. Nc3 {[%clk 0:15:02]} O-O {[%clk 0:13:05]} 8. O-O-O
{[%clk 0:14:57]} a6 {[%clk 0:12:50]} 9. f4 {[%clk 0:14:55]} Nd7 {[%clk 0:12:14]}
10. Nd5 Re8 11. Ne2 {[%clk 0:14:38]} Bf8 {[%clk 0:12:13]} 12. Ng3
{[%clk 0:14:40]} Nc5 {[%clk 0:11:54]} 13. Bc3 {[%clk 0:13:58]} Be6 14. h4
{[%clk 0:14:00]} Bxd5 {[%clk 0:10:16]} 15. cxd5 {[%clk 0:13:47]} Nb8
{[%clk 0:09:50]} 16. h5 {[%clk 0:13:00]} Na4 17. h6 {[%clk 0:13:03]} Nxc3
{[%clk 0:06:30]} 18. Qxc3 Nd7 19. hxg7 {[%clk 0:12:16]} Bxg7 {[%clk 0:05:20]} 20.
Qc2 {[%clk 0:12:19]} Qf6 {[%clk 0:04:56]} 21. Nh5 {[%clk 0:12:23]} Qg6
{[%clk 0:04:44]} 22. Bd3 Nc5 23. e5 {[%clk 0:12:24]} Nxd3+ {[%clk 0:04:29]} 24.
Rxd3 {[%clk 0:11:45]} Kh8 25. Rg3 Qxc2+ {[%clk 0:01:13]} 26. Kxc2
{[%clk 0:11:48]} Rg8 {[%clk 0:01:16]} 27. Rgh3 h6 {[%clk 0:00:40]} 28. Nf6
{[%clk 0:11:33]} Rgd8 29. g4 {[%clk 0:11:29]} dxe5 {[%clk 0:00:35]} 30. fxe5 1-0

[Event "VENDRELL"]
[Site "?"]
[Date "2021.05.09"]
[Round "4.2"]
[White "Martorell Aubanell, Adria"]
[Black "Hernandez, Cristian Andres"]
[Result "0-1"]
[BlackElo "2353"]
[WhiteElo "2119"]
[LiveChessVersion "1.4.8"]

1. Nf3 Nf6 2. d4 {[%clk 0:15:08]} e6 {[%clk 0:14:54]} 3. Bf4 {[%clk 0:15:09]} d5
{[%clk 0:14:58]} 4. e3 {[%clk 0:15:12]} c5 {[%clk 0:15:05]} 5. Be2
{[%clk 0:15:10]} Bd6 6. Bxd6 {[%clk 0:14:54]} Qxd6 {[%clk 0:15:08]} 7. O-O
{[%clk 0:14:23]} Nc6 {[%clk 0:14:54]} 8. Nbd2 O-O 9. dxc5 {[%clk 0:12:56]} Qxc5
{[%clk 0:14:58]} 10. c4 {[%clk 0:12:02]} Rd8 {[%clk 0:13:57]} 11. Qa4
{[%clk 0:11:41]} Bd7 {[%clk 0:12:49]} 12. cxd5 {[%clk 0:09:43]} Qxd5
{[%clk 0:11:38]} 13. e4 {[%clk 0:07:28]} Qh5 {[%clk 0:10:52]} 14. Qa3
{[%clk 0:07:05]} Ne5 {[%clk 0:10:09]} 15. Rac1 {[%clk 0:06:14]} Bc6
{[%clk 0:09:35]} 16. Rc5 {[%clk 0:05:53]} Nxf3+ {[%clk 0:09:27]} 17. Bxf3
{[%clk 0:05:04]} Qh6 {[%clk 0:08:44]} 18. e5 {[%clk 0:04:40]} Nd7
{[%clk 0:08:40]} 19. Rxc6 {[%clk 0:04:31]} bxc6 {[%clk 0:08:01]} 20. Nc4
{[%clk 0:03:46]} Qf4 {[%clk 0:07:46]} 21. Qc3 Nb6 {[%clk 0:07:36]} 22. Na5
{[%clk 0:02:30]} Nd5 {[%clk 0:06:48]} 23. Qc5 Qxe5 {[%clk 0:06:51]} 24. Nxc6
{[%clk 0:00:31]} Qd6 25. Qxd6 {[%clk 0:00:22]} Rxd6 {[%clk 0:06:54]} 26. Bxd5
{[%clk 0:00:24]} exd5 {[%clk 0:06:58]} 27. Nd4 Ra6 {[%clk 0:06:31]} 28. a3
{[%clk 0:00:19]} Rb8 29. b4 Rxa3 0-1

[Event "VENDRELL"]
[Site "?"]
[Date "2021.05.09"]
[Round "4.3"]
[White "Rojas Keim, Luis"]
[Black "Palomo Teruel, Xavier"]
[Result "1-0"]
[BlackElo "2070"]
[WhiteElo "2349"]
[LiveChessVersion "1.4.8"]

1. e4 {[%clk 0:15:08]} c6 {[%clk 0:14:55]} 2. d4 {[%clk 0:15:11]} g6 3. h4
{[%clk 0:15:07]} h5 {[%clk 0:14:55]} 4. Nf3 {[%clk 0:15:08]} d5 {[%clk 0:14:55]}
5. Ng5 {[%clk 0:14:30]} f6 {[%clk 0:13:26]} 6. Nh3 {[%clk 0:14:33]} dxe4
{[%clk 0:12:55]} 7. Nf4 {[%clk 0:14:34]} Bf5 {[%clk 0:12:43]} 8. Nc3
{[%clk 0:13:39]} e5 {[%clk 0:12:12]} 9. Nfe2 {[%clk 0:13:42]} Bb4
{[%clk 0:11:04]} 10. Be3 {[%clk 0:13:38]} Bg4 {[%clk 0:09:41]} 11. a3
{[%clk 0:11:49]} Bxc3+ {[%clk 0:09:07]} 12. bxc3 {[%clk 0:11:52]} Qa5 13. Qd2
{[%clk 0:08:45]} Nd7 {[%clk 0:06:28]} 14. Ng3 {[%clk 0:08:33]} f5
{[%clk 0:04:36]} 15. dxe5 {[%clk 0:08:30]} Nxe5 {[%clk 0:04:25]} 16. Bg5 Nf7
{[%clk 0:03:35]} 17. Bc4 {[%clk 0:06:33]} Nxg5 {[%clk 0:03:26]} 18. hxg5
{[%clk 0:06:36]} Qc5 {[%clk 0:02:54]} 19. Bxg8 {[%clk 0:06:18]} Rxg8 20. O-O
{[%clk 0:06:20]} h4 {[%clk 0:02:41]} 21. Ne2 {[%clk 0:06:18]} Bxe2
{[%clk 0:02:27]} 22. Qxe2 {[%clk 0:06:22]} O-O-O {[%clk 0:02:01]} 23. Rab1
{[%clk 0:06:26]} Qxc3 {[%clk 0:01:59]} 24. Rb3 {[%clk 0:06:30]} Qc5
{[%clk 0:01:50]} 25. Rfb1 {[%clk 0:06:31]} Rd7 {[%clk 0:01:50]} 26. Rb4
{[%clk 0:06:18]} Rgd8 {[%clk 0:01:50]} 27. Rc4 {[%clk 0:06:18]} Rd2
{[%clk 0:01:24]} 28. Qxd2 {[%clk 0:04:33]} Qxc4 29. Qa5 {[%clk 0:04:36]} Qxc2
{[%clk 0:00:45]} 30. Qb4 {[%clk 0:03:51]} Rd1+ {[%clk 0:00:40]} 31. Rxd1
{[%clk 0:03:55]} Qxd1+ {[%clk 0:00:45]} 32. Kh2 {[%clk 0:03:59]} Qd7
{[%clk 0:00:36]} 33. Qf8+ {[%clk 0:04:00]} Kc7 {[%clk 0:00:40]} 34. Kh3
{[%clk 0:03:32]} Qd6 {[%clk 0:00:20]} 35. Qf7+ {[%clk 0:03:35]} Kb6
{[%clk 0:00:24]} 36. Qb3+ {[%clk 0:03:24]} Kc7 {[%clk 0:00:28]} 37. Qf7+
{[%clk 0:03:28]} Kb6 {[%clk 0:00:23]} 38. Qb3+ {[%clk 0:03:32]} Kc7
{[%clk 0:00:28]} 39. Qf7+ Qd7 40. Qxg6 {[%clk 0:03:38]} b5 {[%clk 0:00:28]} 41.
Qf6 {[%clk 0:03:32]} Qd3+ {[%clk 0:00:18]} 42. Kxh4 {[%clk 0:03:33]} Qxa3
{[%clk 0:00:22]} 43. g6 {[%clk 0:03:36]} Qa2 44. Qf7+ {[%clk 0:03:35]} Kb6
{[%clk 0:00:26]} 45. Qxa2 {[%clk 0:03:39]} 1-0

[Event "VENDRELL"]
[Site "?"]
[Date "2021.05.09"]
[Round "4.4"]
[White "Saumoy Poch, Salvador"]
[Black "Galofre Galofre, Salvador"]
[Result "1/2-1/2"]
[BlackElo "1793"]
[WhiteElo "2022"]
[LiveChessVersion "1.4.8"]

1. d4 {[%clk 0:15:06]} d5 {[%clk 0:15:02]} 2. c4 e6 {[%clk 0:15:01]} 3. Nc3
{[%clk 0:15:10]} Nf6 {[%clk 0:14:58]} 4. Bg5 {[%clk 0:15:10]} Be7
{[%clk 0:14:55]} 5. e3 h6 {[%clk 0:14:45]} 6. Bh4 {[%clk 0:15:11]} O-O 7. Nf3 b6
{[%clk 0:14:07]} 8. cxd5 {[%clk 0:15:03]} Nxd5 {[%clk 0:14:07]} 9. Bxe7
{[%clk 0:15:05]} Qxe7 {[%clk 0:13:20]} 10. Rc1 Bb7 {[%clk 0:12:49]} 11. Bd3
{[%clk 0:13:43]} Rc8 {[%clk 0:10:52]} 12. O-O Nd7 13. e4 {[%clk 0:12:31]} Nxc3
{[%clk 0:10:33]} 14. bxc3 {[%clk 0:11:23]} c5 15. Qe2 {[%clk 0:11:24]} cxd4
{[%clk 0:09:03]} 16. cxd4 Qa3 {[%clk 0:07:59]} 17. Rxc8+ {[%clk 0:10:00]} Rxc8
{[%clk 0:07:30]} 18. Qd2 {[%clk 0:07:36]} Qc3 19. Re1 Qxd2 {[%clk 0:07:23]} 20.
Nxd2 {[%clk 0:07:39]} Rc3 {[%clk 0:06:52]} 21. Bb1 {[%clk 0:07:25]} Nf6 22. f3
{[%clk 0:07:23]} Ba6 {[%clk 0:06:31]} 23. Kf2 {[%clk 0:05:04]} g6 24. e5
{[%clk 0:05:07]} Nd5 {[%clk 0:05:18]} 25. Ne4 Rc7 {[%clk 0:03:15]} 26. Nd6
{[%clk 0:03:25]} Kf8 {[%clk 0:02:16]} 27. Ne4 Nc3 28. Nxc3 {[%clk 0:01:56]} Rxc3
{[%clk 0:02:19]} 29. Rd1 {[%clk 0:01:51]} Bb7 {[%clk 0:02:02]} 30. Rd2 Bd5
1/2-1/2

[Event "VENDRELL"]
[Site "?"]
[Date "2021.05.09"]
[Round "4.5"]
[White "Escoriza Lusilla, Pedro"]
[Black "Marin Ripoll, Marti"]
[Result "1/2-1/2"]
[BlackElo "1548"]
[WhiteElo "1589"]
[LiveChessVersion "1.4.8"]

1. c4 Nf6 2. Nc3 g6 3. g3 Bg7 4. Bg2 c6 5. e3 O-O 6. Nge2 d6 7. O-O Qa5 8. b3 Qh5
9. Nf4 Qxd1 10. Rxd1 e5 11. Nfe2 Be6 12. d4 exd4 13. Nxd4 Rd8 14. Nxe6 fxe6 15.
Bb2 e5 16. Ne4 Nxe4 17. Bxe4 Na6 18. Rd2 Nc5 19. Bg2 Kf7 20. Rad1 Ke7 21. Ba3 Bf6
22. Bxc5 dxc5 23. Rxd8 Rxd8 24. Rxd8 Kxd8 1/2-1/2

[Event "VENDRELL"]
[Site "?"]
[Date "2021.05.09"]
[Round "5.1"]
[White "Hernandez, Cristian Andres"]
[Black "Munoz, Miguel"]
[Result "0-1"]
[BlackElo "2542"]
[WhiteElo "2353"]
[LiveChessVersion "1.4.8"]

1. e4 c5 {[%clk 0:15:08]} 2. Nf3 {[%clk 0:15:09]} Nc6 {[%clk 0:15:11]} 3. Bb5
{[%clk 0:15:03]} Nf6 {[%clk 0:15:18]} 4. Nc3 {[%clk 0:15:04]} Nd4 5. Bd3 d6
{[%clk 0:15:05]} 6. Nxd4 {[%clk 0:14:28]} cxd4 {[%clk 0:15:08]} 7. Ne2
{[%clk 0:14:31]} e5 {[%clk 0:15:11]} 8. c3 dxc3 {[%clk 0:15:06]} 9. dxc3
{[%clk 0:13:36]} Be7 {[%clk 0:14:31]} 10. Bb5+ {[%clk 0:12:38]} Bd7 11. Qa4 Bxb5
{[%clk 0:13:48]} 12. Qxb5+ {[%clk 0:12:30]} Qd7 {[%clk 0:13:52]} 13. Qxd7+
{[%clk 0:12:23]} Kxd7 {[%clk 0:13:55]} 14. f3 h6 {[%clk 0:12:21]} 15. Be3
{[%clk 0:10:27]} d5 {[%clk 0:11:46]} 16. Ng3 g6 17. O-O-O {[%clk 0:08:52]} Ke6
{[%clk 0:11:30]} 18. Rhe1 {[%clk 0:06:19]} b6 {[%clk 0:05:55]} 19. f4 Nxe4 20.
Nxe4 {[%clk 0:06:16]} dxe4 {[%clk 0:05:58]} 21. fxe5 {[%clk 0:05:33]} Bg5 22. Rd4
Kxe5 {[%clk 0:05:11]} 23. Bxg5 {[%clk 0:05:36]} hxg5 {[%clk 0:05:14]} 24. Rexe4+
{[%clk 0:05:31]} Kf6 {[%clk 0:05:14]} 25. h3 {[%clk 0:05:31]} Rhe8 26. g4 Rad8
{[%clk 0:04:14]} 27. Rxe8 {[%clk 0:02:12]} Rxe8 {[%clk 0:04:18]} 28. Kd2
{[%clk 0:02:12]} Rh8 {[%clk 0:04:13]} 29. Rd3 {[%clk 0:02:05]} Ke5 30. Re3+
{[%clk 0:01:42]} Kf4 {[%clk 0:04:13]} 31. Ke2 {[%clk 0:01:46]} f5
{[%clk 0:04:13]} 32. Rf3+ {[%clk 0:01:46]} Ke5 {[%clk 0:04:13]} 33. Re3+
{[%clk 0:01:50]} Kf6 {[%clk 0:04:17]} 34. gxf5 {[%clk 0:01:09]} gxf5
{[%clk 0:04:20]} 35. c4 {[%clk 0:01:01]} g4 {[%clk 0:03:37]} 36. hxg4
{[%clk 0:00:57]} fxg4 {[%clk 0:03:39]} 37. Ra3 Rh2+ {[%clk 0:02:38]} 38. Kf1
{[%clk 0:00:45]} Rxb2 {[%clk 0:02:42]} 39. Rxa7 {[%clk 0:00:49]} Kg5 40. Ra3
{[%clk 0:00:15]} Kh4 {[%clk 0:02:09]} 41. Rb3 {[%clk 0:00:10]} Rxa2
{[%clk 0:01:41]} 42. Kg1 {[%clk 0:00:14]} Ra6 {[%clk 0:01:21]} 43. Kg2
{[%clk 0:00:07]} g3 44. Rb5 {[%clk 0:00:07]} Kg4 {[%clk 0:00:53]} 45. c5 Ra2+
{[%clk 0:00:49]} 46. Kf1 {[%clk 0:00:07]} Kh3 0-1

[Event "VENDRELL"]
[Site "?"]
[Date "2021.05.09"]
[Round "5.2"]
[White "Saumoy Poch, Salvador"]
[Black "Rojas Keim, Luis"]
[Result "0-1"]
[BlackElo "2349"]
[WhiteElo "2022"]
[LiveChessVersion "1.4.8"]

1. d4 {[%clk 0:15:07]} Nf6 {[%clk 0:15:09]} 2. c4 {[%clk 0:15:11]} e6
{[%clk 0:15:12]} 3. Nf3 {[%clk 0:15:14]} c5 4. Nc3 cxd4 {[%clk 0:15:11]} 5. Nxd4
{[%clk 0:15:06]} d5 {[%clk 0:15:17]} 6. cxd5 {[%clk 0:14:46]} Nxd5 7. e4
{[%clk 0:14:15]} Nxc3 {[%clk 0:15:17]} 8. bxc3 Be7 9. Be2 {[%clk 0:13:35]} O-O
{[%clk 0:14:28]} 10. O-O Nd7 {[%clk 0:14:18]} 11. a4 {[%clk 0:13:10]} Nc5
{[%clk 0:13:53]} 12. Qc2 {[%clk 0:12:54]} Bd7 {[%clk 0:13:43]} 13. Bb5 a6
{[%clk 0:13:46]} 14. Bxd7 {[%clk 0:12:46]} Qxd7 {[%clk 0:13:49]} 15. Rd1
{[%clk 0:10:54]} Qc7 {[%clk 0:13:47]} 16. Be3 {[%clk 0:10:32]} Rfc8
{[%clk 0:12:21]} 17. Rac1 {[%clk 0:10:07]} Nd7 {[%clk 0:10:14]} 18. Nf3
{[%clk 0:09:49]} Bc5 19. Qd3 Bxe3 {[%clk 0:10:14]} 20. Qxe3 {[%clk 0:09:51]} Nc5
{[%clk 0:09:53]} 21. Ra1 {[%clk 0:03:58]} Qc6 {[%clk 0:08:34]} 22. Ne5 Qxe4
{[%clk 0:08:37]} 23. Qxe4 {[%clk 0:03:44]} Nxe4 {[%clk 0:05:56]} 24. c4 Rc7
{[%clk 0:05:58]} 25. f3 {[%clk 0:03:30]} Nc5 {[%clk 0:05:07]} 26. a5
{[%clk 0:03:23]} f6 {[%clk 0:04:58]} 27. Ng4 Kf7 {[%clk 0:05:01]} 28. Rab1
{[%clk 0:03:10]} Ke7 29. Ne3 Rd8 {[%clk 0:04:52]} 30. Rxd8 {[%clk 0:03:00]} Kxd8
{[%clk 0:04:56]} 31. Kf2 {[%clk 0:02:33]} Nd7 {[%clk 0:04:30]} 32. Rd1
{[%clk 0:02:15]} Rc6 33. g4 Kc7 {[%clk 0:04:33]} 34. h4 {[%clk 0:02:16]} Ne5
{[%clk 0:04:37]} 35. Rc1 {[%clk 0:01:59]} Nd3+ 0-1

[Event "VENDRELL"]
[Site "?"]
[Date "2021.05.09"]
[Round "5.3"]
[White "Basora Pascual, Lluc"]
[Black "Cabanillas Roca, Christian"]
[Result "0-1"]
[BlackElo "1772"]
[WhiteElo "2162"]
[LiveChessVersion "1.4.8"]

1. e4 {[%clk 0:15:10]} e5 {[%clk 0:15:07]} 2. Nf3 {[%clk 0:15:08]} Nf6 3. Nc3
{[%clk 0:14:56]} Nc6 {[%clk 0:15:11]} 4. Be2 {[%clk 0:14:48]} Bc5
{[%clk 0:14:59]} 5. d3 {[%clk 0:14:41]} h6 6. Be3 {[%clk 0:13:42]} Bxe3
{[%clk 0:14:41]} 7. fxe3 d6 {[%clk 0:14:31]} 8. O-O {[%clk 0:13:21]} Ng4
{[%clk 0:13:14]} 9. Qd2 {[%clk 0:12:13]} O-O {[%clk 0:13:08]} 10. h3
{[%clk 0:11:29]} Nf6 {[%clk 0:13:05]} 11. Nd5 {[%clk 0:10:46]} Be6
{[%clk 0:10:51]} 12. c4 {[%clk 0:10:43]} Nd7 {[%clk 0:10:05]} 13. b4
{[%clk 0:08:40]} Ne7 {[%clk 0:09:57]} 14. d4 {[%clk 0:07:05]} Nb8
{[%clk 0:07:16]} 15. dxe5 {[%clk 0:05:27]} dxe5 {[%clk 0:07:17]} 16. Nxe5
{[%clk 0:05:09]} c6 {[%clk 0:07:20]} 17. Nxe7+ {[%clk 0:04:59]} Qxe7
{[%clk 0:07:22]} 18. Qc3 {[%clk 0:04:49]} a5 {[%clk 0:06:36]} 19. a3
{[%clk 0:03:34]} Na6 {[%clk 0:06:31]} 20. c5 {[%clk 0:03:05]} axb4
{[%clk 0:04:54]} 21. axb4 {[%clk 0:03:09]} Nc7 {[%clk 0:04:53]} 22. Rf3
{[%clk 0:01:54]} Rxa1+ {[%clk 0:04:32]} 23. Qxa1 {[%clk 0:01:59]} Ra8
{[%clk 0:04:30]} 24. Qb2 {[%clk 0:01:18]} Ra2 {[%clk 0:04:09]} 25. Qd4
{[%clk 0:00:22]} Rxe2 {[%clk 0:04:11]} 26. Nd3 {[%clk 0:00:20]} Nb5
{[%clk 0:03:59]} 27. Qb2 {[%clk 0:00:17]} Rxb2 0-1

[Event "VENDRELL"]
[Site "?"]
[Date "2021.05.09"]
[Round "5.4"]
[White "Chavarria Llambrich, Pep"]
[Black "Martorell Aubanell, Adria"]
[Result "0-1"]
[BlackElo "2119"]
[WhiteElo "1641"]
[LiveChessVersion "1.4.8"]

1. d4 {[%clk 0:15:07]} Nf6 {[%clk 0:15:07]} 2. c4 {[%clk 0:15:08]} g6
{[%clk 0:15:09]} 3. Nc3 {[%clk 0:15:11]} Bg7 {[%clk 0:15:12]} 4. e4
{[%clk 0:15:08]} d6 {[%clk 0:15:14]} 5. Nge2 O-O {[%clk 0:15:07]} 6. Ng3
{[%clk 0:15:10]} c5 {[%clk 0:14:58]} 7. d5 e6 {[%clk 0:14:34]} 8. Be2
{[%clk 0:14:44]} exd5 {[%clk 0:12:14]} 9. exd5 h5 10. Bg5 {[%clk 0:13:06]} Qb6
{[%clk 0:11:53]} 11. Qd2 {[%clk 0:12:21]} Nh7 {[%clk 0:11:12]} 12. Be3
{[%clk 0:11:48]} Nd7 {[%clk 0:09:43]} 13. O-O Ndf6 {[%clk 0:08:05]} 14. Rab1
{[%clk 0:11:12]} Bd7 {[%clk 0:07:26]} 15. Bf4 {[%clk 0:09:56]} Rae8
{[%clk 0:05:15]} 16. Bd3 Ng4 17. Nge4 {[%clk 0:07:21]} Ne5 {[%clk 0:05:17]} 18.
Rfe1 {[%clk 0:07:02]} f5 19. Bxe5 {[%clk 0:05:51]} Rxe5 {[%clk 0:03:42]} 20. Ng5
{[%clk 0:05:36]} Nxg5 {[%clk 0:02:13]} 21. Qxg5 {[%clk 0:05:38]} Kf7
{[%clk 0:02:03]} 22. Rxe5 {[%clk 0:03:40]} Bxe5 23. Kh1 {[%clk 0:02:52]} Bf6
{[%clk 0:01:59]} 24. Qc1 {[%clk 0:02:30]} Re8 25. f4 Re7 {[%clk 0:01:38]} 26. h3
{[%clk 0:02:03]} Qd8 {[%clk 0:01:41]} 27. Qd2 {[%clk 0:01:57]} Qe8
{[%clk 0:01:22]} 28. Ne2 {[%clk 0:00:53]} a5 29. Ng1 Bd4 {[%clk 0:01:02]} 30. Nf3
{[%clk 0:00:48]} Be3 {[%clk 0:01:06]} 31. Qxa5 {[%clk 0:00:31]} Bxf4
{[%clk 0:01:07]} 32. Re1 {[%clk 0:00:29]} Rxe1+ {[%clk 0:01:09]} 33. Qxe1 Qxe1+
{[%clk 0:01:02]} 34. Nxe1 {[%clk 0:00:35]} Kf6 {[%clk 0:01:00]} 35. h4
{[%clk 0:00:30]} Bg3 {[%clk 0:01:03]} 36. Nf3 {[%clk 0:00:33]} f4
{[%clk 0:00:37]} 37. Kg1 {[%clk 0:00:16]} Bg4 {[%clk 0:00:18]} 38. Nd2
{[%clk 0:00:11]} Bxh4 {[%clk 0:00:09]} 39. Ne4+ {[%clk 0:00:12]} Ke5 40. Kf1
{[%clk 0:00:09]} Bf5 {[%clk 0:00:15]} 41. Nf2 {[%clk 0:00:08]} Bxf2
{[%clk 0:00:19]} 42. Bxf5 {[%clk 0:00:12]} Kxf5 {[%clk 0:00:22]} 43. Kxf2
{[%clk 0:00:16]} Ke4 44. a3 {[%clk 0:00:13]} Kd4 {[%clk 0:00:29]} 45. Kf3
{[%clk 0:00:17]} g5 {[%clk 0:00:33]} 46. b4 {[%clk 0:00:18]} Kxc4
{[%clk 0:00:35]} 47. bxc5 {[%clk 0:00:21]} Kxc5 {[%clk 0:00:40]} 48. Ke4
{[%clk 0:00:25]} b5 {[%clk 0:00:39]} 49. Kf5 {[%clk 0:00:25]} Kxd5
{[%clk 0:00:27]} 50. Kxg5 {[%clk 0:00:28]} Ke4 {[%clk 0:00:31]} 0-1

[Event "VENDRELL"]
[Site "?"]
[Date "2021.05.09"]
[Round "5.5"]
[White "Palomo Teruel, Xavier"]
[Black "Romeu Viladot, Emili"]
[Result "1-0"]
[BlackElo "1730"]
[WhiteElo "2070"]
[LiveChessVersion "1.4.8"]

1. e4 c5 2. Nf3 e6 3. d4 cxd4 4. Nxd4 a6 5. c4 Nf6 6. Nc3 Bb4 7. Bd3 O-O 8. e5
Qa5 9. exf6 Bxc3+ 10. bxc3 Qxc3+ 11. Qd2 Qxa1 12. Qg5 Qc3+ 13. Bd2 Qa1+ 14. Ke2
g6 15. Qh6 1-0

[Event "VENDRELL"]
[Site "?"]
[Date "2021.05.09"]
[Round "6.1"]
[White "Munoz, Miguel"]
[Black "Rojas Keim, Luis"]
[Result "1/2-1/2"]
[BlackElo "2349"]
[WhiteElo "2542"]
[LiveChessVersion "1.4.8"]

1. e4 {[%clk 0:15:07]} e6 {[%clk 0:15:09]} 2. g3 {[%clk 0:14:58]} d5
{[%clk 0:15:12]} 3. Bg2 {[%clk 0:15:02]} dxe4 {[%clk 0:15:10]} 4. Nc3
{[%clk 0:15:05]} Bd7 5. Nxe4 {[%clk 0:14:12]} Bc6 {[%clk 0:15:11]} 6. f3
{[%clk 0:14:03]} h5 7. h4 Ne7 {[%clk 0:13:27]} 8. d4 {[%clk 0:13:57]} Nf5
{[%clk 0:13:25]} 9. Ne2 Nd7 10. O-O {[%clk 0:13:25]} Nf6 {[%clk 0:12:51]} 11. c4
{[%clk 0:12:52]} Be7 12. Bf4 {[%clk 0:12:37]} O-O {[%clk 0:11:21]} 13. Qd3
{[%clk 0:12:16]} Qd7 {[%clk 0:09:59]} 14. Rad1 b5 15. b3 {[%clk 0:12:05]} bxc4
{[%clk 0:09:57]} 16. bxc4 {[%clk 0:12:09]} Rab8 17. Bh3 {[%clk 0:10:34]} Rb2
{[%clk 0:09:35]} 18. d5 Ba4 19. Rd2 {[%clk 0:09:54]} Rxd2 {[%clk 0:06:41]} 20.
Bxd2 {[%clk 0:07:59]} Nxd5 21. cxd5 1/2-1/2

[Event "VENDRELL"]
[Site "?"]
[Date "2021.05.09"]
[Round "6.2"]
[White "Galofre Galofre, Salvador"]
[Black "Hernandez, Cristian Andres"]
[Result "0-1"]
[BlackElo "2353"]
[WhiteElo "1793"]
[LiveChessVersion "1.4.8"]

1. d4 {[%clk 0:15:05]} Nf6 {[%clk 0:15:09]} 2. Nf3 {[%clk 0:15:02]} e6
{[%clk 0:15:12]} 3. c4 {[%clk 0:15:00]} b6 {[%clk 0:15:15]} 4. g3
{[%clk 0:14:49]} Ba6 {[%clk 0:15:21]} 5. b3 {[%clk 0:14:35]} Bb4+
{[%clk 0:15:24]} 6. Bd2 {[%clk 0:14:24]} Be7 {[%clk 0:15:28]} 7. Bg2
{[%clk 0:13:55]} c6 {[%clk 0:15:30]} 8. Bc3 {[%clk 0:12:42]} d5 {[%clk 0:15:25]}
9. Ne5 {[%clk 0:12:10]} Nfd7 {[%clk 0:15:27]} 10. Nxd7 {[%clk 0:11:56]} Nxd7
{[%clk 0:15:24]} 11. Nd2 O-O {[%clk 0:15:27]} 12. O-O {[%clk 0:11:47]} f5
{[%clk 0:14:52]} 13. a4 {[%clk 0:09:13]} Rc8 {[%clk 0:14:55]} 14. a5
{[%clk 0:08:15]} b5 {[%clk 0:14:59]} 15. c5 {[%clk 0:08:15]} Bf6 {[%clk 0:14:59]}
16. b4 {[%clk 0:06:13]} e5 {[%clk 0:14:57]} 17. dxe5 {[%clk 0:05:43]} Nxe5
{[%clk 0:15:01]} 18. Bxe5 {[%clk 0:05:12]} Bxe5 {[%clk 0:11:26]} 19. Ra3
{[%clk 0:04:00]} Kh8 {[%clk 0:11:01]} 20. Nf3 Bf6 {[%clk 0:11:02]} 21. e3
{[%clk 0:03:28]} Qd7 {[%clk 0:11:02]} 22. Nd4 {[%clk 0:02:43]} Rce8
{[%clk 0:10:54]} 23. Rd3 Bc8 {[%clk 0:10:54]} 24. Bh3 {[%clk 0:02:07]} g6
{[%clk 0:10:56]} 25. Qd2 {[%clk 0:01:41]} a6 {[%clk 0:10:47]} 26. Rd1
{[%clk 0:00:47]} Qc7 {[%clk 0:10:04]} 27. Ne2 {[%clk 0:00:27]} h5
{[%clk 0:09:52]} 28. Nd4 {[%clk 0:00:19]} h4 {[%clk 0:09:27]} 29. f4
{[%clk 0:00:13]} Kg7 {[%clk 0:09:24]} 30. Kg2 {[%clk 0:00:07]} Rh8
{[%clk 0:09:24]} 31. gxh4 {[%clk 0:00:06]} Rxh4 32. Kg3 {[%clk 0:00:07]} Reh8
{[%clk 0:09:21]} 33. Bf1 Rg4+ {[%clk 0:08:43]} 34. Kf3 {[%clk 0:00:06]} Qe7
{[%clk 0:08:44]} 35. Re1 Qe4+ {[%clk 0:08:47]} 36. Kf2 {[%clk 0:00:06]} Rxh2+ 0-1

[Event "VENDRELL"]
[Site "?"]
[Date "2021.05.09"]
[Round "6.3"]
[White "Martorell Aubanell, Adria"]
[Black "Calle Ordonez, Albert"]
[Result "1/2-1/2"]
[BlackElo "1900"]
[WhiteElo "2119"]
[LiveChessVersion "1.4.8"]

1. e4 {[%clk 0:15:07]} c6 {[%clk 0:15:05]} 2. d4 {[%clk 0:15:06]} d5
{[%clk 0:15:06]} 3. e5 {[%clk 0:15:06]} c5 {[%clk 0:15:08]} 4. dxc5
{[%clk 0:14:54]} e6 {[%clk 0:15:09]} 5. Be3 {[%clk 0:14:18]} Nd7 {[%clk 0:15:05]}
6. Bb5 {[%clk 0:14:00]} Ne7 {[%clk 0:15:03]} 7. Nf3 {[%clk 0:12:58]} Nf5
{[%clk 0:15:04]} 8. Bd4 {[%clk 0:11:32]} Qa5+ {[%clk 0:12:41]} 9. Nc3
{[%clk 0:11:34]} a6 {[%clk 0:12:33]} 10. Bxd7+ {[%clk 0:10:30]} Bxd7
{[%clk 0:12:36]} 11. O-O {[%clk 0:10:24]} Rc8 {[%clk 0:12:15]} 12. a3
{[%clk 0:09:40]} Nxd4 13. Qxd4 {[%clk 0:07:38]} Qxc5 {[%clk 0:12:19]} 14. Qg4
{[%clk 0:07:04]} g6 {[%clk 0:12:03]} 15. Rac1 {[%clk 0:05:53]} Bg7
{[%clk 0:11:58]} 16. Rfe1 {[%clk 0:05:39]} Qb6 {[%clk 0:10:54]} 17. Qb4
{[%clk 0:05:08]} Qxb4 {[%clk 0:10:42]} 18. axb4 {[%clk 0:05:11]} Rc4
{[%clk 0:10:45]} 19. Na2 {[%clk 0:05:15]} O-O 1/2-1/2

[Event "VENDRELL"]
[Site "?"]
[Date "2021.05.09"]
[Round "6.4"]
[White "Cabanillas Roca, Christian"]
[Black "Palomo Teruel, Xavier"]
[Result "1/2-1/2"]
[BlackElo "2070"]
[WhiteElo "1772"]
[LiveChessVersion "1.4.8"]

1. e4 {[%clk 0:15:07]} c6 {[%clk 0:15:09]} 2. d4 {[%clk 0:15:09]} g6
{[%clk 0:15:12]} 3. Nc3 {[%clk 0:15:07]} d5 4. Be3 {[%clk 0:14:50]} dxe4
{[%clk 0:14:42]} 5. Nxe4 {[%clk 0:14:49]} Nd7 {[%clk 0:14:36]} 6. Nf3
{[%clk 0:13:54]} Ngf6 {[%clk 0:14:29]} 7. Bd3 {[%clk 0:13:19]} Bg7 8. Qd2
{[%clk 0:13:21]} Nxe4 {[%clk 0:12:13]} 9. Bxe4 e5 {[%clk 0:08:52]} 10. dxe5
{[%clk 0:12:57]} Nxe5 {[%clk 0:08:45]} 11. Qxd8+ {[%clk 0:13:00]} Kxd8
{[%clk 0:08:49]} 12. O-O-O+ {[%clk 0:12:39]} Kc7 {[%clk 0:07:54]} 13. Bf4
{[%clk 0:12:10]} Re8 {[%clk 0:07:32]} 14. Rhe1 {[%clk 0:10:32]} Bg4 15. h3
{[%clk 0:10:35]} Bxf3 {[%clk 0:07:05]} 16. Bxf3 Rad8 1/2-1/2

[Event "VENDRELL"]
[Site "?"]
[Date "2021.05.09"]
[Round "6.5"]
[White "Pamies Martinez, Lluis"]
[Black "Tallada Serret, Gerard"]
[Result "0-1"]
[BlackElo "1643"]
[WhiteElo "1826"]
[LiveChessVersion "1.4.8"]

1. c4 c6 2. d4 d5 3. e3 Nf6 4. Nf3 e6 5. a3 Nbd7 6. Nc3 Bd6 7. Be2 O-O 8. O-O b6
9. cxd5 exd5 10. Bd3 Bb7 11. Bd2 Re8 12. Qc2 h6 13. Rad1 Qe7 14. Nh4 Ng4 15. g3
Qg5 16. e4 Qh5 17. Be2 Be7 18. h3 Bxh4 19. Bxg4 Qg6 20. Bf5 Qd6 21. Bf4 Qe7 22.
gxh4 g6 23. Bg4 h5 24. Bf3 Qxh4 25. Bg3 Qxh3 26. Bg2 Qg4 27. Qe2 Qg5 28. Qf3 h4
29. Bh2 Kg7 30. Bf4 Qf6 31. e5 Qe7 32. Qg4 Rh8 33. Bg5 Qe8 34. Bh3 Bc8 35. e6 Nf8
36. Qf4 Nxe6 37. Bxe6 Qxe6 38. Rfe1 Qf5 39. Re7 Rh5 40. Qxf5 Bxf5 41. Bf4 g5 42.
Be5+ Kg6 43. Re1 Be6 44. Bh2 g4 45. Ne2 Kf6 46. Rxe6+ fxe6 47. Nf4 Rf5 48. Rxe6+
Kf7 49. Rxc6 Rg8 50. Rc7+ Ke8 51. Kg2 Rgf8 52. Rc8+ Kd7 53. Rxf8 Rxf8 54. Nd3 h3+
55. Kf1 Rc8 56. Ke2 Ke6 57. Ke3 Kf5 58. Be5 Re8 59. f3 g3 60. Ke2 h2 0-1